Estudios sobre la ley orgánica constitucional de bases generales de la administración del Estado
محفوظ في:
| المؤلف الرئيسي: | |
|---|---|
| التنسيق: | كتاب |
| اللغة: | الإسبانية |
| منشور في: |
Antofagasta
Universidad de Antofagasta
2007
|
| الموضوعات: | |
| الوسوم: |
إضافة وسم
لا توجد وسوم, كن أول من يضع وسما على هذه التسجيلة!
|
MARC
| LEADER | 00000cam a2200000 a 4500 | ||
|---|---|---|---|
| 001 | UCI6858 | ||
| 003 | CL-VaPUC | ||
| 005 | 20230830152946.0 | ||
| 008 | 080530e20070000cl 1 spa d | ||
| 020 | |a 9789568293369 | ||
| 082 | 0 | 4 | |a 342.06 |b COR |2 21 |
| 100 | |a Cordero Quinzacara, Eduardo |e autor |9 574915 | ||
| 245 | 1 | 0 | |a Estudios sobre la ley orgánica constitucional de bases generales de la administración del Estado |
| 260 | |a Antofagasta |b Universidad de Antofagasta |c 2007 | ||
| 300 | |a 250 p | ||
| 583 | |a last modification |c 20190828 10:47:57 |k Rodrigo Vera | ||
| 650 | 0 | 0 | |a Derecho administrativo |9 254851 |
| 650 | 0 | 7 | |a LEY ORGANICA CONSTITUCIONAL |2 CL-VaPUC |9 451785 |
| 650 | 0 | 7 | |a LEY N§ 18.575 |2 CL-VaPUC |9 621209 |
| 650 | 0 | 0 | |a Administración del Estado |9 391238 |
| 650 | 0 | 0 | |a Congresos |9 257560 |
| 942 | |c BK | ||
| 945 | |a rbrito |d 20080530 00:00:00 | ||
| 546 | |a En Español | ||
| 536 | |a Universidad de Antofagasta | ||
| 518 | |p Jornadas de Derecho Administrativo, 3, Antofagasta, agosto de 2006 | ||
| 999 | |c 384358 |d 384356 | ||
| 952 | |0 0 |1 0 |4 0 |6 342_060000000000000_COR_2007 |7 0 |8 A |9 507023 |a BIBDER |b BIBDER |d 2020-01-23 |i 4444833 |o 342.06 COR 2007 |p 4444833 |r 2023-01-25 |w 2020-01-23 |y BK |k DER | ||
| 952 | |0 0 |1 0 |3 erb |4 0 |6 342_060000000000000_COR_2007 |7 0 |8 A |9 507024 |a BIBDER |b BIBDER |i 5539803 |l 2 |o 342.06 COR 2007 |p 5539803 |r 2024-06-19 |s 2024-06-19 |w 2020-01-23 |y BK |z Catalogado en:20190329 |k DER | ||